Rol del Ejército de República Dominicana en el sistema de recolección y disposición de desechos sólidos : (Registro nro. 8328)
[ vista simple ]
| 000 -CABECERA | |
|---|---|
| campo de control de longitud fija | 01834nam a22002657a 4500 |
| 003 - IDENTIFICADOR DEL NÚMERO DE CONTROL | |
| campo de control | DO-SdBJH |
| 005 - FECHA Y HORA DE LA ÚLTIMA TRANSACCIÓN | |
| campo de control | 20250701215028.0 |
| 008 - DATOS DE LONGITUD FIJA--INFORMACIÓN GENERAL | |
| campo de control de longitud fija | 250701b2024 dr ||||| |||| 00| 0 spa d |
| 040 ## - FUENTE DE LA CATALOGACIÓN | |
| Centro catalogador/agencia de origen | DO-SdBJH |
| Lengua de catalogación | spa |
| Centro/agencia transcriptor | DO-SdBJH |
| 041 0# - CÓDIGO DE LENGUA | |
| Código de lengua del texto/banda sonora o título independiente | spa |
| 090 ## - LOCALMENTE ASIGNADO TIPO-LC NÚMERO DE CLASIFICACIÓN (OCLC); NÚMERO DE CLASIFICACIÓN LOCAL (RLIN) | |
| Número de clasificación (OCLC) (R) ; Numero de clasificación, CALL (RLIN) (NR) | TG EGEMERD |
| Número cutter local (OCLC) ; Número de libro/Signatura topográfica íntegra, CALL (RLIN) | 02427 2024 |
| 100 1# - ENTRADA PRINCIPAL--NOMBRE DE PERSONA | |
| Nombre de persona | Alcántara Jiménez, Rafael |
| Término indicativo de función/relación | sustentante |
| 245 10 - MENCIÓN DE TÍTULO | |
| Título | Rol del Ejército de República Dominicana en el sistema de recolección y disposición de desechos sólidos : |
| Resto del título | Santo Domingo Este, período 2022-2023 / |
| Mención de responsabilidad, etc. | Rafael Alcántara Jiménez, José Francisco Toribio Ortíz ; asesor metodológico Fanny Torres ; asesor de contenido Richard Pichardo Paulino. |
| 260 ## - PUBLICACIÓN, DISTRIBUCIÓN, ETC. | |
| Lugar de publicación, distribución, etc. | Santo Domingo, República Dominicana : |
| Nombre del editor, distribuidor, etc. | UNADE, |
| Fecha de publicación, distribución, etc. | 2024. |
| 300 ## - DESCRIPCIÓN FÍSICA | |
| Extensión | xii, 61 páginas. |
| 500 ## - NOTA GENERAL | |
| Nota general | Incluye apéndice y glosario. |
| 502 ## - NOTA DE TESIS | |
| Nota de tesis | Tesis y trabajos de grado (Diplomado en Comando y Estado Mayor para Fuerzas Terrestres)--Universidad Nacional para la Defensa "General Juan Pablo Duarte y Díez", 2024. |
| 504 ## - NOTA DE BIBLIOGRAFÍA, ETC. | |
| Nota de bibliografía, etc. | Incluye referencias bibliográficas y anexos. |
| 505 ## - NOTA DE CONTENIDO CON FORMATO | |
| Nota de contenido con formato | Evolución y regulación del Ejército y la gestión ambiental de los desechos sólidos en la República Dominicana -- La intervención del Ejército de la República Dominicana en la gestión de desechos sólidos --Resultados e implicaciones de la intervención militar en el sistema de recolección y disposición de desechos sólidos en Santo Domingo Este en el período 2022-2023. |
| 700 1# - PUNTO DE ACCESO ADICIONAL--NOMBRE DE PERSONA | |
| Nombre de persona | Toribio Ortíz, José Francisco |
| Término indicativo de función/relación | sustentante |
| 700 1# - PUNTO DE ACCESO ADICIONAL--NOMBRE DE PERSONA | |
| Nombre de persona | Torres, Fanny |
| Término indicativo de función/relación | asesor metodológico |
| 700 1# - PUNTO DE ACCESO ADICIONAL--NOMBRE DE PERSONA | |
| Nombre de persona | Pichardo Paulino, Richard |
| Término indicativo de función/relación | asesor de contenido |
| 830 ## - PUNTO DE ACCESO ADICIONAL DE SERIE-TÍTULO UNIFORME | |
| Título uniforme | Tesis y disertaciones académicas (Universidad Nacional para la Defensa "General Juan Pablo Duarte y Díez). Escuela de Graduados de Estudios Militares del Ejército de República Dominicana. |
| 9 (RLIN) | 21 |
| 942 ## - ELEMENTOS DE PUNTO DE ACCESO ADICIONAL (KOHA) | |
| Fuente del sistema de clasificación o colocación | Clasificación Local |
| Tipo de ítem Koha | Tesis |
| Estado de retiro | Estado de pérdida | Fuente del sistema de clasificación o colocación | Estado dañado | No para préstamo | Código de colección | Localización permanente | Ubicación/localización actual | Ubicación en estantería | Fecha de adquisición | Número de inventario | Total de préstamos | Signatura topográfica completa | Código de barras | Fecha visto por última vez | Número de copia | Precio válido a partir de | Tipo de ítem Koha |
|---|---|---|---|---|---|---|---|---|---|---|---|---|---|---|---|---|---|
| Clasificación Local | Trabajos de Grado e Investigción | SIBM UNADE - Biblioteca Sede Central | SIBM UNADE - Biblioteca Sede Central | En estantería | 07/01/2025 | 24-02427 | TG EGEMERD 02427 2024 | 24-02427 | 07/01/2025 | 1 | 07/01/2025 | Tesis |
